[Event "Landesliga Nord 0910"]
[Site "Bayern"]
[Date "2009.12.13"]
[Round "4.1"]
[White "Priborsky, Jan"]
[Black "Lauer, Moritz"]
[Result "1/2-1/2"]
[WhiteElo "2363"]
[BlackElo "2299"]
[PlyCount "91"]
[EventDate "2009.10.18"]
[EventType "team-tourn"]
[EventRounds "9"]
[EventCountry "GER"]
[SourceTitle "EXT 2011"]
[Source "ChessBase"]
[SourceDate "2010.11.26"]
[SourceVersion "1"]
[SourceVersionDate "2010.11.26"]
[SourceQuality "1"]
[WhiteTeam "Koetzting"]
[BlackTeam "Puschendorf"]
[WhiteTeamCountry "GER"]
[BlackTeamCountry "GER"]

1. e4 d6 2. d4 Nf6 3. Nc3 e5 4. Nf3 Nbd7 5. Bc4 Be7 6. 0-0 0-0 7. a4 c6 8. Re1 b6 9. Ba2 a6 10. h3 Bb7 11. Be3 b5 12. axb5 axb5 13. b4 d5 14. exd5 Bxb4 15. Bd2 exd4 16. Nxd4 cxd5 17. Ncxb5 Bxd2 18. Qxd2 Qb6 19. Nc3 Qc5 20. Bb3 Rxa1 21. Rxa1 Ne5 22. Nf5 Bc8 23. Qd4 Qxd4 24. Nxd4 Be6 25. Re1 Rc8 26. Rxe5 Rxc3 27. Nxe6 fxe6 28. Rxe6 Kf7 29. Re5 Kf8 30. f3 d4 31. Kf2 d3 32. Re3 d2 33. Rd3 Rxd3 34. cxd3 Nd5 35. Ke2 Nf4+ 36. Kxd2 Nxg2 37. Be6 Ke7 38. Bc8 Kd8 39. Bg4 g6 40. d4 h5 41. Be6 Nf4 42. d5 Nxe6 43. dxe6 g5 44. f4 gxf4 45. Ke2 Ke7 46. Kf3 1/2-1/2

[Event "Landesliga Nord 0910"]
[Site "Bayern"]
[Date "2009.11.15"]
[Round "2.1"]
[White "Priborsky, Jan"]
[Black "Englert, Fabian"]
[Result "1-0"]
[WhiteElo "2363"]
[BlackElo "2237"]
[PlyCount "65"]
[EventDate "2009.10.18"]
[EventType "team-tourn"]
[EventRounds "9"]
[EventCountry "GER"]
[SourceTitle "EXT 2011"]
[Source "ChessBase"]
[SourceDate "2010.11.26"]
[SourceVersion "1"]
[SourceVersionDate "2010.11.26"]
[SourceQuality "1"]
[WhiteTeam "Koetzting"]
[BlackTeam "Klingenberg"]
[WhiteTeamCountry "GER"]
[BlackTeamCountry "GER"]

1. Nf3 Nf6 2. g3 b6 3. Bg2 Bb7 4. 0-0 c5 5. d3 g6 6. e4 Bg7 7. Nc3 0-0 8. Bg5 d6 9. Qd2 Nbd7 10. Bh6 a6 11. Rae1 b5 12. Nh4 Bxh6 13. Qxh6 e5 14. f4 Kh8 15. Nf3 Ng8 16. Qh3 f6 17. Ne2 Kg7 18. g4 c4 19. g5 f5 20. Nh4 Ne7 21. fxe5 dxe5 22. exf5 Qb6+ 23. d4 gxf5 24. Bxb7 Qxb7 25. Nf4 Qb6 26. Rf2 Rae8 27. dxe5 Nc5 28. Nh5+ Kh8 29. Nf6 Rxf6 30. exf6 Ne4 31. Rxe4 fxe4 32. fxe7 Rxe7 33. Qc8+ 1-0

[Event "CZE-chT1W 0809"]
[Site "Czech Republic"]
[Date "2009.03.29"]
[Round "11.2"]
[White "Kanovsky, David"]
[Black "Priborsky, Jan"]
[Result "1/2-1/2"]
[WhiteElo "2431"]
[BlackElo "2342"]
[PlyCount "111"]
[EventDate "2008.10.19"]
[EventType "team-tourn"]
[EventRounds "11"]
[EventCountry "CZE"]
[SourceTitle "EXT 2010"]
[Source "ChessBase"]
[SourceDate "2010.11.25"]
[SourceVersion "1"]
[SourceVersionDate "2010.11.25"]
[SourceQuality "1"]
[WhiteTeam "Polabiny"]
[BlackTeam "Plzen"]
[WhiteTeamCountry "CZE"]
[BlackTeamCountry "CZE"]

1. e4 c5 2. Nf3 e6 3. d3 Nc6 4. g3 g6 5. Bg2 Bg7 6. 0-0 Nge7 7. Re1 0-0 8. Nbd2 d6 9. c3 e5 10. a4 h6 11. Nc4 Be6 12. a5 Bxc4 13. dxc4 Nxa5 14. Qa4 Nac6 15. b4 b6 16. b5 Na5 17. Nd2 a6 18. bxa6 Qc8 19. Nb3 Qxa6 20. Nxa5 Qxa5 21. Qxa5 bxa5 22. Rd1 Rfd8 23. Rb1 a4 24. Ba3 Nc6 25. Bf1 Na5 26. Rb5 Nb3 27. Bd3 Rdb8 28. Kf1 Bf8 29. Ke2 Rxb5 30. cxb5 d5 31. c4 Na5 32. Rc1 dxc4 33. Bxc4 Nxc4 34. Rxc4 Rb8 35. Rxa4 Rxb5 36. Kd3 f5 37. exf5 gxf5 38. Kc4 Rb1 39. Kd5 e4 40. Ke6 Ra1 41. Ra8 Ra2 42. h4 h5 43. Kf6 Rc2 44. Kg6 Rc3 45. Bb2 Rb3 46. Bf6 e3 47. fxe3 Rxe3 48. Kxf5 Rxg3 49. Rc8 Kf7 50. Rc7+ Kg8 51. Bg5 Rf3+ 52. Kg6 Rf1 53. Rc8 Rf7 54. Bh6 Rf3 55. Kxh5 Rf6 56. Bxf8 1/2-1/2

[Event "Landesliga Nord 0809"]
[Site "Bayern"]
[Date "2009.03.15"]
[Round "8.1"]
[White "Muehling, Werner"]
[Black "Priborsky, Jan"]
[Result "0-1"]
[WhiteElo "2131"]
[BlackElo "2357"]
[PlyCount "116"]
[EventDate "2008.10.05"]
[EventType "team-tourn"]
[EventRounds "9"]
[EventCountry "GER"]
[SourceTitle "EXT 2020"]
[Source "ChessBase"]
[SourceDate "2019.10.17"]
[SourceVersion "1"]
[SourceVersionDate "2019.10.17"]
[SourceQuality "1"]
[WhiteTeam "Schwandorf"]
[BlackTeam "Koetzting"]
[WhiteTeamCountry "GER"]
[BlackTeamCountry "GER"]

1. d4 Nf6 2. c4 g6 3. Nc3 d5 4. Nf3 Bg7 5. Bg5 Ne4 6. cxd5 Nxg5 7. Nxg5 e6 8. Nf3 exd5 9. b4 0-0 10. e3 c6 11. Bd3 Bg4 12. Rc1 Qe7 13. b5 Bxd4 14. bxc6 bxc6 15. 0-0 Bg7 16. h3 Bxf3 17. Qxf3 Qa3 18. Nxd5 cxd5 19. Qxd5 Na6 20. Bc4 Nb4 21. Qf3 Rad8 22. Rfd1 Rxd1+ 23. Rxd1 Nxa2 24. Kh2 Qa4 25. Bf1 Nc3 26. Rd2 a5 27. Ba6 Qe4 28. Qxe4 Nxe4 29. Ra2 Bc3 30. Rc2 Bb4 31. Bb7 Nc3 32. Rd2 Rb8 33. Ba6 Rb6 34. Rd8+ Kg7 35. Bc4 Rc6 36. Bb3 a4 37. Bc2 Ra6 38. Rd7 Bc5 39. Kg1 a3 40. Bb3 Ra7 41. Rxa7 Bxa7 42. Kf1 a2 43. Bxa2 Nxa2 44. Ke2 Kf6 45. Kd3 Nb4+ 46. Ke4 Ke6 47. Kf3 Ke5 48. Ke2 Ke4 49. Kd2 Bb6 50. Ke2 Kd5 51. Kf3 Nd3 52. Ke2 Kc4 53. Kf3 Ba5 54. Ke2 Ne1 55. g3 Kd5 56. f3 Kc4 57. f4 f6 58. Kf2 Kd3 0-1

[Event "CZE-chT 0809"]
[Site "Czech Republic"]
[Date "2009.02.07"]
[Round "6.2"]
[White "Priborsky, Jan"]
[Black "Jirka, Jiri"]
[Result "0-1"]
[WhiteElo "2344"]
[BlackElo "2457"]
[PlyCount "114"]
[EventDate "2008.11.08"]
[EventType "team-tourn"]
[EventRounds "11"]
[EventCountry "CZE"]
[SourceTitle "EXT 2010"]
[Source "ChessBase"]
[SourceDate "2010.11.25"]
[SourceVersion "1"]
[SourceVersionDate "2010.11.25"]
[SourceQuality "1"]
[WhiteTeam "Litomerice"]
[BlackTeam "Bohemians"]
[WhiteTeamCountry "CZE"]
[BlackTeamCountry "CZE"]

1. e4 e5 2. Nf3 Nc6 3. Bc4 Nf6 4. d4 exd4 5. e5 d5 6. Bb5 Ne4 7. Nxd4 Bd7 8. Bxc6 bxc6 9. 0-0 Bc5 10. f3 Ng5 11. f4 Ne4 12. Be3 Bb6 13. Nd2 c5 14. N4b3 Nxd2 15. Qxd2 d4 16. Bf2 0-0 17. c3 Bc6 18. cxd4 c4 19. Na5 Bxg2 20. Kxg2 Qd5+ 21. Kg1 Bxa5 22. Qe2 c3 23. bxc3 Bxc3 24. Rad1 Ba5 25. Qc2 Bb6 26. f5 Rad8 27. a4 f6 28. e6 Rfe8 29. Be3 Re7 30. Rf2 g6 31. Rg2 Kh8 32. fxg6 Qxe6 33. Bf2 Rg7 34. a5 Bxa5 35. gxh7 Rxg2+ 36. Kxg2 Qd5+ 37. Kg1 Rd7 38. Rd3 Rxh7 39. Rg3 Rg7 40. Rxg7 Kxg7 41. h4 Bb6 42. Qe2 Kf7 43. Qg4 a5 44. Kf1 a4 45. Qg3 Qh1+ 46. Ke2 Qe4+ 47. Kf1 Qb1+ 48. Ke2 Qb2+ 49. Kf1 a3 50. Qf3 Qb5+ 51. Kg2 a2 52. Qc3 Qb1 53. Qc6 Qg6+ 54. Bg3 a1Q 55. Qd7+ Kg8 56. Qd8+ Kg7 57. Qd7+ Kh6 0-1

[Event "CZE-chT 0809"]
[Site "Czech Republic"]
[Date "2008.11.09"]
[Round "2.2"]
[White "Priborsky, Jan"]
[Black "Sergeev, Vladimir"]
[Result "1-0"]
[WhiteElo "2344"]
[BlackElo "2508"]
[PlyCount "73"]
[EventDate "2008.11.08"]
[EventType "team-tourn"]
[EventRounds "11"]
[EventCountry "CZE"]
[SourceTitle "CBM 127 Extra"]
[Source "ChessBase"]
[SourceDate "2009.01.08"]
[SourceVersion "2"]
[SourceVersionDate "2009.01.28"]
[SourceQuality "1"]
[WhiteTeam "Litomerice"]
[BlackTeam "Turnov Zikuda"]
[WhiteTeamCountry "CZE"]
[BlackTeamCountry "CZE"]

1. e4 c6 2. d4 d5 3. Nd2 a6 4. c3 dxe4 5. Nxe4 Bf5 6. Ng3 Bg6 7. h4 h6 8. Nf3 e6 9. Ne5 Bh7 10. Qb3 Qc7 11. Bf4 Bd6 12. Nxf7 Kxf7 13. Bxd6 Qd7 14. Be5 Nf6 15. f4 Ng4 16. Be2 Ne3 17. Kd2 Nd5 18. Bh5+ Kg8 19. Rae1 b5 20. Qd1 c5 21. Qg4 Bf5 22. Nxf5 exf5 23. Qg6 Nc6 24. Bf3 Rh7 25. Bd6 Nf6 26. Bxc5 h5 27. Re2 Rh6 28. Qg3 Rc8 29. Rhe1 Qf7 30. Qg5 Rc7 31. d5 Rd7 32. Kc1 Nd8 33. Re7 Qg6 34. Qxg6 Rxg6 35. Rxd7 Nxd7 36. Re8+ Kh7 37. Bd4 1-0

[Event "Mlada Boleslav DOBA Cup"]
[Site "Mlada Boleslav"]
[Date "2008.08.01"]
[Round "7"]
[White "Priborsky, Jan"]
[Black "Voloshin, Leonid"]
[Result "1/2-1/2"]
[WhiteElo "2344"]
[BlackElo "2449"]
[PlyCount "27"]
[EventDate "2008.07.27"]
[EventType "tourn"]
[EventRounds "9"]
[EventCountry "CZE"]
[EventCategory "7"]
[SourceTitle "CBM 125 Extra"]
[Source "ChessBase"]
[SourceDate "2008.09.01"]
[SourceVersion "1"]
[SourceVersionDate "2008.09.01"]
[SourceQuality "1"]

1. e4 c5 2. Nc3 d6 3. Nge2 e5 4. g3 g6 5. Bg2 Bg7 6. 0-0 Ne7 7. d3 0-0 8. a3 Nbc6 9. Rb1 Nd4 10. b4 b6 11. Nxd4 cxd4 12. Ne2 Be6 13. c4 dxc3 14. Nxc3 1/2-1/2